000 00536nam a22001817a 4500
003 CEME
005 20210628202731.0
008 210125b xxu||||| |||| 00| 0 eng d
020 _a81-297-1111-7
040 _c.
082 _a621.3845 FEH
100 _aFeher, Kamilo. Dr
_961318
245 _aWireless digital communications modulation and spread spectrum applicaitons
260 _aNEW DELHI
_bPEARSON EDUCATION
_c2005
300 _aXX,524 P
650 _aWIRELESS COMMUNICATIONS.DIGITAL COMMUNICATIONS
_961319
942 _cBK
_2ddc
999 _c570811
_d570811